Delegating for results / (Record no. 3353)

000 -LEADER
fixed length control field nam a22 7a 4500
005 - DATE AND TIME OF LATEST TRANSACTION
control field 20170522121145.0
008 - FIXED-LENGTH DATA ELEMENTS--GENERAL INFORMATION
fixed length control field 170522b1998 cau||||| |||| 00| 0 eng d
020 ## - INTERNATIONAL STANDARD BOOK NUMBER
International Standard Book Number 1560524553
040 ## - CATALOGING SOURCE
Original cataloging agency AKMAL
082 ## - DEWEY DECIMAL CLASSIFICATION NUMBER
Classification number 658.402 MAD
090 ## - LOCALLY ASSIGNED LC-TYPE CALL NUMBER (OCLC); LOCAL CALL NUMBER (RLIN)
Classification number (OCLC) (R) ; Classification number, CALL (RLIN) (NR) 658.402
Local cutter number (OCLC) ; Book number/undivided call number, CALL (RLIN) MAD
100 1# - MAIN ENTRY--PERSONAL NAME
Personal name Maddux, Robert B.
9 (RLIN) 6644
245 10 - TITLE STATEMENT
Title Delegating for results /
Statement of responsibility, etc. by Robert B. Maddux
250 ## - EDITION STATEMENT
Edition statement Rev. ed
260 ## - PUBLICATION, DISTRIBUTION, ETC.
Place of publication, distribution, etc. Menlo Park, Calif. :
-- Lanham, MD :
Name of publisher, distributor, etc. Crisp Publications ;
-- Distribution to the U.S. trade [by] National book Network,
Date of publication, distribution, etc. 1998
300 ## - PHYSICAL DESCRIPTION
Extent 87 p. :
Other physical details ill ;
Dimensions 26 cm
500 ## - GENERAL NOTE
General note "Proven techniques for improving employee performance"--Cover.
650 #0 - SUBJECT ADDED ENTRY--TOPICAL TERM
Topical term or geographic name entry element Delegation of authority.
9 (RLIN) 6405
942 ## - ADDED ENTRY ELEMENTS (KOHA)
Source of classification or shelving scheme
Koha item type Book
Holdings
Withdrawn status Lost status Source of classification or shelving scheme Damaged status Not for loan Collection code Home library Current library Shelving location Date acquired Inventory number Total Checkouts Full call number Barcode Date last seen Price effective from Koha item type
          NON-FICTION AKMAL Melaka AKMAL Melaka PINJAMAN 22.05.2017 602347   658.402 MAD 201704178 22.05.2017 22.05.2017 Book
Pusat Sumber Maklumat Dato' Haji Sarmin Md Hussin, Akademi Kastam Diraja Malaysia, Melaka
Tel: 06-2331106 | Faks: 06-2313787